000 00954nam a2200277Ia 4500
001 2721
005 20251027142759.0
008 141017s9999 xx 000 0 und d
020 _a9588159202
040 _aCO-BoRNBP
_bspa
_erda
_cCO-BoRNBP
041 0 _aspa
084 _aC DEA1
245 0 0 _aDe acá para allá
_bantología de cuento 2
_ccompiladores, Rymel Serrano y Mario Jursich Durán
250 _aPrimera edición
264 _aBogotá
_bMinisterio de Cultura
_c2002
300 _a218 páginas
_c21 cm
336 _atexto
_btxt
_2rdacontent
337 _asin mediación
_bn
_2rdamedia
338 _avolumen
_bnc
_2rdacarrier
650 1 4 _aCuentos colombianos
_vColecciones
_2LEMB
_943225
650 1 4 _aAutores colombianos
_xCrítica e interpretación
_2LEMB
_91185
650 1 4 _aNarcotráfico
_xCuentos
_2LEMB
_966210
700 1 _aSerrano, Rymel
_ecompilador
_966211
700 1 _aJursich Durán, Mario
_ecompilador
_966212
942 _2loc
_cBKLIT
999 _c2721
_d2721